000 00675nam a22002657a 4500
001 32278
003 UA-OsUOA
005 20200211111750.0
007 ta
008 20050128b un ||||| |||| 00| 0 ukr d
020 _a5250000754
040 _aUA-OsUOA
_brus
_cUA-OsUOA
_dUA-OsUOA
041 _arus
044 _aRU
080 _a141.82
090 _a141.82
_bД72
100 _aДрабкина Е.
245 _aЗимний перевал
260 _aМосква
_bПолитиздат
_c1988
300 _a271 с.
_bІлюстрації
650 7 _2UDC
942 _cBK
_2udc
955 _a0
999 _c318717
_d318717